00363nam a2200133Ia 4500003000200000005001700002008004100019020001800060050002300078100002200101245006100123260003200184300001300216020250428101858.0171205s9999 xx 000 0 und d a9789712727672 aDS 674b.Oc15 2012 aOcampo, Ambeth R. cAmbeth R. OcampoaPrehistoric Philippines Looking Back 6 bAnvil Publishing, Incc2012 a92 pages